000 00719cab a22002055a 4500
001 L153748
008 110824e20110820xxk 000 0 eng d
035 _a(Sirsi) u153748
041 0 _aeng
100 1 _aFrisby, Sandra
245 0 0 _aRescue mission
260 _c2011
490 _aEstates Gazette
_v(1133) 20 August 2011, 56-58(2)
520 0 2 _aA recent publication, 'Preliminary Report to the Insolvency Service into Outcomes in Company Voluntary Arrangements' has analysed the returns offered by company voluntary arrangements in the light of some high-profile cases.
590 _aKA
651 4 _aEngland and Wales
_y1543-
690 _aMANAGEMENT-CORPORATE RECOVERY
700 1 _aReid, Tim
942 _n0
999 _c83361
_d83361